La palabra de Dios (Record no. 189855)

MARC details
000 -LEADER
campo de control de longitud fija 00710nam a2200205 i 4500
001 - NÚMERO DE CONTROL
campo de control 189855
003 - IDENTIFICADOR DE NÚMERO DE CONTROL
campo de control ES-MaACL
005 - FECHA Y HORA DE LA ÚLTIMA TRANSACCIÓN
campo de control 20230906223555.0
008 - DATOS DE LONGITUD FIJA--INFORMACIÓN GENERAL
campo de control de longitud fija 191212s1968 sp |||| | spa d
245 03 - MENCIÓN DEL TÍTULO
Título La palabra de Dios
Resto del título : teología y celebración / Massi, Magrassi, Morganti, Oggioni-Barbaglio ; traducción y presentación de A.G. Fuente.
260 ## - PUBLICACIÓN, DISTRIBUCIÓN, ETC.
Lugar de publicación, distribución, etc. Madrid :
Nombre del editor, distribuidor, etc. Stvdivm,
Fecha de publicación, distribución, etc. [1968]
300 ## - DESCRIPCIÓN FÍSICA
Extensión 166 p. ;
Dimensiones 18 cm.
490 1# - MENCIÓN DE SERIE
Mención de serie Colección "Liturgia". Serie B ;
Designación de volumen o secuencia 14
650 04 - PUNTO DE ACCESO ADICIONAL DE MATERIA--TÉRMINO DE MATERIA
Término de materia o nombre geográfico como elemento de entrada Liturgia.
9 (RLIN) 14683
700 1# - ENTRADA AGREGADA--NOMBRE PERSONAL
Nombre de persona Fuente, Antolin G.
9 (RLIN) 167476
700 1# - ENTRADA AGREGADA--NOMBRE PERSONAL
Nombre de persona Massi, Pacífico.
9 (RLIN) 169082
830 0# - PUNTO DE ACCESO ADICIONAL DE SERIE-TÍTULO UNIFORME
Título uniforme Colección "Liturgia". Serie B ;
Designación de volumen o secuencia 14
9 (RLIN) 193441
852 ## - LOCALIZACIÓN
Ubicación ES-MaACL
Número de control de estantería P-1182-3
Holdings
Estatus retirado Estado de pérdida Estado de daño No para préstamo Biblioteca de origen Biblioteca actual Ubicación en estantería Fecha de adquisición Fuente de adquisición Total de préstamos Signatura topográfica completa Código de barras Visto por última vez Precio de reemplazo Tipo de ítem Koha
        Biblioteca del Ateneo de Madrid Biblioteca del Ateneo de Madrid Depósito 2 12/12/2019     P-1182-3 1201384 23/02/2023 23/02/2023 Libro impreso